It Can Only Be 'S' Quiz Stats

Quiz Updated Sep 9, 2014

Also try: 'L' Is All We Need
Challenge
Share
Tweet
Embed
Score 0/20 Timer 05:00
2 Plays Today
Clue (Length) Answer % Correct
Present tense of was (2)Is
97.5%
Female sibling, to her bro (3)Sis
96.4%
Therefore (2)So
96.1%
Myself, and others (2)Us
96.1%
Perceive visually (3)See
95.8%
Seek money through the courts (3)Sue
93.3%
Continent (4)Asia
87.1%
Aral, Bering or Chukchi (3)Sea
86.6%
'Horton Hears a Who' author (5)Seuss
85.2%
Make less difficult (4)Ease
85.1%
Clue (Length) Answer % Correct
Native of the land Downunder (6)Aussie
83.7%
Desert watering hole (5)Oasis
83.7%
Backtalk (4)Sass
78.8%
Employ (3)Use
72.1%
Birthplace of St. Francis (6)Assisi
67.7%
Serpentine curve (3)Ess
66%
On the ocean (4)Asea
59.4%
American march composer (5)Sousa
54.9%
Appraise (6)Assess
52.3%
To infer or figure out (4)Suss
31.7%

You're not logged in!

Compare scores with friends on all Sporcle quizzes.
Sign Up with Email
OR
Log In

You Might Also Like...

Show Comments

Extras

Top Quizzes Today


Score Distribution

Your Account Isn't Verified!

In order to create a playlist on Sporcle, you need to verify the email address you used during registration. Go to your Sporcle Settings to finish the process.